000 00750cam a22002417a 4500
999 _c329584
_d329584
001 14566932
003 NUST
005 20170613120454.0
008 060925s2006 pk 000 1 urd
010 _a 2006312588
025 _aP-U-2006312588 ; 10
040 _aDLC
_cDLC
_dDLC
042 _alcode
050 0 0 _aMLCSA 2006/01159 (P)
082 _a891.4393
_bAHM
100 1 _aAḥmad, ʻUmairah,
_d1976-
_9738
245 1 0 _aṬhoṛā sā āsmān̲ /
_cʻUmairah Aḥmad.
260 _aLāhore :
_bʻIlm o ʻIrfān Pablisharz :
_bMilne kā patah, Sevanth Skāʼī Pablīkeshanz,
_c2006.
300 _a829 p. ;
_c22 cm.
500 _aNovel.
546 _aIn Urdu.
650 _aUrdu fiction
_9739
880 _6100-01\(3\r
_aعمیرہ احمد
880 _6245-02\(3\r
_aتھوڑا سا آسماں
_cعمیرہ احمد
880 _6260-03\(3\r
_aلاہور:
_bعلم و عرفان پبلشرز،
_c2009
906 _a7
_bcbc
_corigode
_d4
_encip
_f20
_gy-gencatlg
942 _2ddc
_cBK